| 000 | 00785cam a2200217 a 4500 | ||
|---|---|---|---|
| 020 | _a0256217270 (alk. paper) | ||
| 040 | _cDLC | ||
| 082 | 0 | 0 | _a658 LIW 1998 C145 Or. |
| 100 | 1 | _aNicholas, John M., | |
| 245 | 1 | 0 |
_aCompetitive manufacturing management : _bcontinuous improvement, lean production, customer-focused quality / |
| 260 |
_aBoston : _bIrwin/McGraw-Hill, _cc1998. |
||
| 300 |
_axxiii, 840 p. : _bill. ; _c24 cm. |
||
| 650 | 0 | _aProduction management. | |
| 650 | 0 | _aLean manufacturing. | |
| 650 | 0 | _aCosts, Industrial. | |
| 650 | 0 | _aQuality control. | |
| 856 | 4 | 2 | _uhttp://www.loc.gov/catdir/bios/mh042/97027344.html |
| 856 | 4 | 2 | _uhttp://www.loc.gov/catdir/description/mh023/97027344.html |
| 856 | 4 | 1 | _uhttp://www.loc.gov/catdir/toc/mh022/97027344.html |
| 942 | _cAEDBB | ||
| 999 |
_c18425 _d18425 |
||